[Event "HCL-B057"]
[Site "www.playchess.de"]
[Date "2001.02.15"]
[Round "29"]
[White "Mathemagician"]
[Black "jabbaman"]
[WhiteElo "1303"]
[BlackElo "1234"]
[PlyCount "53"]
[Result "1-0"]

1.e4 g6 2.d4 Bg7 3.Nf3 d6 4.Nc3 Nf6 5.Bg5 b6 6.Bc4 
O-O 7.O-O Bb7 8.e5 dxe5 9.dxe5 Nfd7 10.e6 fxe6 
11.Bxe6+ Kh8 12.Nd5 Bf6 13.Bh6 Bg7 14.Bxg7+ Kxg7 
15.Qd4+ Nf6 16.Nxf6 Qxd4 17.Nh5+ gxh5 18.Nxd4 Nc6 
19.Nxc6 Bxc6 20.Rad1 Rf6 21.Rfe1 Raf8 22.Bd7 Bxg2 
23.Rxe7+ Kh6 24.Kxg2 R6xf2+ 25.Kh1 Rxc2 26.Re6+ 
Kg5 27.Rg1+ 1-0

[Event "HCL-B057"]
[Site "www.playchess.de"]
[Date "2001.02.15"]
[Round "30"]
[White "csadler"]
[Black "Mathemagician"]
[WhiteElo "1034"]
[BlackElo "1303"]
[PlyCount "42"]
[Result "0-1"]

1.e4 c5 2.b3 Nc6 3.Bb2 e6 4.Nc3 d5 5.Bb5 d4 
6.Bxc6+ bxc6 7.Na4 Nf6 8.Qe2 Be7 9.O-O-O O-O 10.e5 
Nd5 11.d3 Nb6 12.Nxb6 axb6 13.a4 b5 14.Qe4 bxa4 
15.Qxc6 Qd5 16.Qxd5 exd5 17.Re1 a3 18.Ba1 Bg5+ 
19.Kb1 a2+ 20.Kb2 Bd2 21.Rd1 Bc3+ 0-1

[Event "HCL-B057"]
[Site "www.playchess.de"]
[Date "2001.02.15"]
[Round "31"]
[White "Mathemagician"]
[Black "paule"]
[WhiteElo "1303"]
[BlackElo "1564"]
[PlyCount "62"]
[Result "0-1"]

1.e4 e6 2.d4 d5 3.Nc3 Bb4 4.e5 c5 5.Bd2 Ne7 6.Nb5 
Bxd2+ 7.Qxd2 O-O 8.O-O-O Nbc6 9.Nf3 a6 10.Na3 cxd4 
11.Bd3 b5 12.Qe2 b4 13.Nb1 Qa5 14.Bxh7+ Kxh7 
15.Ng5+ Kg6 16.h4 b3 17.h5+ Kh6 18.axb3 f6 19.exf6 
Rxf6 20.Nf3 Qc7 21.Qd2+ Qf4 22.g4 Qxd2+ 23.Nbxd2 
Rf4 24.g5+ Kh7 25.Rde1 Rb8 26.h6 g6 27.Re2 Bd7 
28.Rg1 Rc8 29.Ne1 Nb4 30.Rg3 Nf5 31.Rh3 
Bb5 0-1

[Event "HCL-B057"]
[Site "www.playchess.de"]
[Date "2001.02.15"]
[Round "32"]
[White "Joost"]
[Black "Mathemagician"]
[WhiteElo "1500"]
[BlackElo "1303"]
[PlyCount "70"]
[Result "0-1"]

1.e4 c5 2.c3 Nc6 3.d4 cxd4 4.cxd4 d5 5.exd5 Qxd5 
6.Nf3 Bg4 7.Nc3 Qh5 8.Be2 O-O-O 9.Be3 Nf6 10.O-O 
e6 11.h3 Bxf3 12.Bxf3 Qa5 13.Bxc6 bxc6 14.Rc1 Bb4 
15.a3 Bd6 16.Qf3 Kb7 17.Bd2 Rhe8 18.Ne4 Qd5 
19.Nxd6+ Rxd6 20.Qxd5 Rxd5 21.Be3 a5 22.Rc2 e5 
23.dxe5 Rexe5 24.Rd2 a4 25.Rfd1 Rxd2 26.Rxd2 Nd5 
27.Bd4 Re1+ 28.Kh2 f6 29.Bc3 Nxc3 30.bxc3 Ra1 
31.Rd7+ Kb6 32.Rxg7 Rxa3 33.Rxh7 Rxc3 34.Rh4 Kb5 
35.Re4 a3 0-1

[Event "HCL-B057"]
[Site "www.playchess.de"]
[Date "2001.02.15"]
[Round "33"]
[White "Mathemagician"]
[Black "dogman"]
[WhiteElo "1303"]
[BlackElo "1540"]
[PlyCount "27"]
[Result "1-0"]

1.e4 e5 2.Nf3 d6 3.d4 Nf6 4.dxe5 Nxe4 5.exd6 Bxd6 
6.Bc4 O-O 7.Bd3 Re8 8.O-O Bf5 9.Nbd2 Nc6 10.Nxe4 
Be6 11.Nxd6 Qxd6 12.Ng5 g6 13.Ne4 Qe7 
14.Bg5 1-0

[Event "HCL-B057"]
[Site "www.playchess.de"]
[Date "2001.02.15"]
[Round "34"]
[White "pawnd4"]
[Black "Mathemagician"]
[WhiteElo "1944"]
[BlackElo "1303"]
[PlyCount "63"]
[Result "1-0"]

1.d4 Nf6 2.b3 g6 3.Nf3 Bg7 4.e3 O-O 5.Bd3 d6 6.O-O 
e5 7.dxe5 dxe5 8.e4 Bg4 9.Ba3 Re8 10.h3 Bd7 11.Nc3 
Nc6 12.Re1 a6 13.Qd2 Nd4 14.Qe3 Bc6 15.Rad1 Qc8 
16.Bb4 b6 17.Nxe5 Nxc2 18.Bxc2 Rxe5 19.f4 Re8 
20.e5 a5 21.Ba3 Qb7 22.Qd2 Nd7 23.Be4 Bxe4 24.Nxe4 
Rad8 25.Bb2 Qc6 26.Qd4 Qe6 27.Qc3 c5 28.Qf3 Nf8 
29.Nd6 Re7 30.g4 Red7 31.f5 gxf5 
32.gxf5 1-0

[Event "HCL-B057"]
[Site "www.playchess.de"]
[Date "2001.02.15"]
[Round "36"]
[White "ChessHammer"]
[Black "Mathemagician"]
[WhiteElo "1076"]
[BlackElo "1303"]
[PlyCount "52"]
[Result "0-1"]

1.e4 c5 2.Nf3 d6 3.d4 cxd4 4.Nxd4 Nf6 5.Nc3 g6 
6.Be3 Bg7 7.f3 O-O 8.Qd2 Nbd7 9.h4 Ne5 10.Bh6 Bxh6 
11.Qxh6 Nc6 12.Nxc6 bxc6 13.O-O-O Rb8 14.g4 Qb6 
15.b3 Qf2 16.h5 gxh5 17.Bd3 Qxf3 18.e5 dxe5 19.g5 
Qf4+ 20.Kb1 e4 21.Rdg1 Bg4 22.Rxg4 Qxg4 23.gxf6 
exd3 24.Rxh5 dxc2+ 25.Kxc2 Qg6+ 26.Qxg6+ 
fxg6 0-1

[Event "HCL-C097"]
[Site "www.playchess.de"]
[Date "2001.02.15"]
[Round "7"]
[White "katrina"]
[Black "Cruz"]
[WhiteElo "890"]
[BlackElo "1000"]
[PlyCount "41"]
[Result "1-0"]

1.d4 e5 2.dxe5 d6 3.exd6 cxd6 4.Nc3 Nf6 5.e4 Bg4 
6.Be2 Nc6 7.Bxg4 h5 8.Bf3 a5 9.Be3 Ra6 10.Nge2 Ne5 
11.Nd4 d5 12.exd5 g5 13.Bxg5 Bc5 14.Be2 Rb6 
15.Bb5+ Ke7 16.Nf5+ Kf8 17.Qe2 h4 18.Qxe5 Rh5 
19.Bxf6 Qc8 20.Be7+ Kg8 21.Qg7+ 1-0

[Event "HCL-C097"]
[Site "www.playchess.de"]
[Date "2001.02.15"]
[Round "8"]
[White "Jelleyman"]
[Black "katrina"]
[WhiteElo "1000"]
[BlackElo "890"]
[PlyCount "48"]
[Result "0-1"]

1.e4 e5 2.Bd3 Bc5 3.Nf3 d6 4.h4 Nc6 5.a3 Bg4 6.Qe2 
Nd4 7.Qe3 Nxf3+ 8.gxf3 Bxe3 9.dxe3 Bxf3 10.Rh3 Qf6 
11.Bb5+ c6 12.Ba4 Bxe4 13.h5 Nh6 14.Bd2 Qf5 15.Ba5 
Ng4 16.Kd2 Qxf2+ 17.Kc3 Nxe3 18.Nd2 Nd5+ 19.Kc4 
Qc5+ 20.Kb3 Qxa5 21.Nc4 Bxc2+ 22.Ka2 Qxa4 23.Nxd6+ 
Kd7 24.Nxb7 Nb4+ 0-1

[Event "HCL-C058"]
[Site "www.playchess.de"]
[Date "2001.02.15"]
[Round "1"]
[White "Jeff_Foster"]
[Black "Nunogomez"]
[WhiteElo "1481"]
[BlackElo "756"]
[PlyCount "27"]
[Result "1-0"]

1.e4 d6 2.d4 Nf6 3.Nc3 Nbd7 4.Nf3 e5 5.Bc4 h6 
6.O-O c6 7.a4 Qc7 8.Nh4 b5 9.axb5 cxb5 10.Bxb5 Be7 
11.dxe5 dxe5 12.Nf5 a6 13.Nd5 Qc5 
14.Be3 1-0

[Event "HCL-C058"]
[Site "www.playchess.de"]
[Date "2001.02.15"]
[Round "2"]
[White "dazzle"]
[Black "Jeff_Foster"]
[WhiteElo "1082"]
[BlackElo "1481"]
[PlyCount "42"]
[Result "0-1"]

1.d4 d5 2.h3 e6 3.e3 Nf6 4.Nf3 Be7 5.a3 O-O 6.Nc3 
c5 7.dxc5 Bxc5 8.Bd3 Nc6 9.O-O Re8 10.Qe2 a6 11.e4 
dxe4 12.Nxe4 Nxe4 13.Qxe4 f5 14.Qc4 Ba7 15.Re1 b5 
16.Qc3 Bb7 17.b4 Rc8 18.Bb2 Bd4 19.Nxd4 Ne5 20.Qd2 
Qd5 21.Re3 Qxg2+ 0-1

[Event "HCL-C058"]
[Site "www.playchess.de"]
[Date "2001.02.15"]
[Round "3"]
[White "Nunogomez"]
[Black "dazzle"]
[WhiteElo "756"]
[BlackElo "1082"]
[PlyCount "51"]
[Result "1-0"]

1.e4 e5 2.Nf3 Nc6 3.Bb5 h6 4.O-O Nf6 5.Bxc6 dxc6 
6.Nxe5 Qd4 7.Nf3 Qxe4 8.Re1 Bf5 9.Rxe4+ Bxe4 10.d3 
Bxf3 11.Qxf3 Be7 12.Nc3 O-O 13.b3 Rfe8 14.Bf4 Bd6 
15.Kf1 Re7 16.Re1 Rae8 17.Rxe7 Rxe7 18.Bxd6 cxd6 
19.Ne4 Re6 20.Nxf6+ Rxf6 21.Qg4 Re6 22.c4 c5 
23.Qf3 b6 24.Qa8+ Kh7 25.Qxa7 Rf6 
26.Qxb6 1-0

[Event "HCL-C058"]
[Site "www.playchess.de"]
[Date "2001.02.15"]
[Round "4"]
[White "Jeff_Foster"]
[Black "qwert660"]
[WhiteElo "1481"]
[BlackElo "1351"]
[PlyCount "44"]
[Result "0-1"]

1.e4 c5 2.d4 cxd4 3.c3 dxc3 4.Nxc3 Nc6 5.Nf3 e6 
6.Bc4 d6 7.O-O Be7 8.Be3 Nf6 9.Re1 O-O 10.h3 a6 
11.Nd4 Bd7 12.a3 Rc8 13.b4 Ne5 14.Be2 Rxc3 15.Bd2 
Rc8 16.f4 Nc4 17.Bxc4 Rxc4 18.e5 Rxd4 19.Qc1 dxe5 
20.fxe5 Bc6 21.Be3 Qd5 22.Re2 Qxe5 0-1

[Event "HCL-C058"]
[Site "www.playchess.de"]
[Date "2001.02.15"]
[Round "5"]
[White "qwert660"]
[Black "Nunogomez"]
[WhiteElo "1351"]
[BlackElo "756"]
[PlyCount "57"]
[Result "1-0"]

1.e4 c6 2.d4 d5 3.exd5 cxd5 4.c4 Nf6 5.Nc3 e6 
6.Nf3 Bb4 7.Bd3 Bxc3+ 8.bxc3 O-O 9.O-O Nc6 10.Bg5 
h6 11.Bh4 g5 12.Bg3 dxc4 13.Bxc4 Ne4 14.Qc2 f5 
15.Rae1 g4 16.Ne5 Nxe5 17.Bxe5 a6 18.Rxe4 fxe4 
19.Qxe4 Qg5 20.Be2 h5 21.f3 Bd7 22.Qxb7 Qe3+ 
23.Rf2 Qc1+ 24.Bf1 Rfd8 25.Qe4 Qg5 26.fxg4 Qxg4 
27.Rf4 Qg5 28.Bd3 Rdf8 29.Qh7+ 1-0

[Event "HCL-C058"]
[Site "www.playchess.de"]
[Date "2001.02.15"]
[Round "6"]
[White "dazzle"]
[Black "qwert660"]
[WhiteElo "1082"]
[BlackElo "1351"]
[PlyCount "76"]
[Result "0-1"]

1.e4 c5 2.Nc3 d6 3.d3 g6 4.Nf3 Bg7 5.Bd2 Nc6 6.h3 
Nf6 7.a3 a6 8.Be2 O-O 9.Bg5 b5 10.Bxf6 Bxf6 11.g4 
Bb7 12.h4 Qa5 13.h5 Bxc3+ 14.bxc3 Qxc3+ 15.Nd2 Nd4 
16.Rc1 Qxa3 17.Nb3 Nxb3 18.cxb3 Qb4+ 19.Kf1 g5 
20.Rh3 a5 21.Rf3 h6 22.Re3 a4 23.bxa4 Rxa4 24.Ra1 
Rxa1 25.Qxa1 Ra8 26.Qd1 Qc3 27.Kg2 Ra1 28.d4 Qxe3 
29.Qxa1 Bxe4+ 30.Kf1 Qh3+ 31.Ke1 Qh1+ 32.Bf1 Bd3 
33.Kd2 Qxf1 34.Qxf1 Bxf1 35.dxc5 dxc5 36.Ke1 b4 
37.Kd2 c4 38.Kc2 Be2 0-1

[Event "HCL-C058"]
[Site "www.playchess.de"]
[Date "2001.02.15"]
[Round "7"]
[White "Nuno_Ferro"]
[Black "Jeff_Foster"]
[WhiteElo "1000"]
[BlackElo "1481"]
[PlyCount "22"]
[Result "0-1"]

1.d4 d5 2.a4 Nf6 3.f4 Nc6 4.Ra3 e6 5.Nc3 Bxa3 
6.bxa3 O-O 7.Nh3 Ne4 8.Nxe4 dxe4 9.Nf2 Qxd4 10.Bd2 
e3 11.c3 exf2+ 0-1

[Event "HCL-C058"]
[Site "www.playchess.de"]
[Date "2001.02.15"]
[Round "8"]
[White "Nunogomez"]
[Black "Nuno_Ferro"]
[WhiteElo "756"]
[BlackElo "1000"]
[PlyCount "27"]
[Result "1-0"]

1.e4 c5 2.Nf3 d5 3.exd5 Qxd5 4.Nc3 Qh5 5.Be2 f5 
6.Nd5 Qf7 7.Nc7+ Kd8 8.Nxa8 Qf6 9.d4 Nc6 10.dxc5+ 
Nd4 11.Nxd4 Qg6 12.Nxf5+ Bd7 13.Nh4 Qh5 
14.Bxh5 1-0

[Event "HCL-C135"]
[Site "www.playchess.de"]
[Date "2001.02.15"]
[Round "1"]
[White "Filip1"]
[Black "dg"]
[WhiteElo "1000"]
[BlackElo "696"]
[PlyCount "70"]
[Result "0-1"]

1.d4 d6 2.e4 g6 3.Bb5+ Bd7 4.Bc4 Bg7 5.Qf3 e6 
6.Nh3 Qf6 7.Bf4 h6 8.e5 Bc6 9.Qg3 Qf5 10.Bd3 Be4 
11.Nc3 Bxd3 12.cxd3 Nc6 13.Rc1 Nxd4 14.Qe3 dxe5 
15.Qe4 Qxe4+ 16.dxe4 exf4 17.O-O O-O-O 18.Nxf4 g5 
19.Nh5 Be5 20.g3 Nf3+ 21.Kh1 Rd2 22.Nb5 Rxb2 
23.Rc5 Rxa2 24.Rd1 Ne7 25.Kg2 g4 26.Rdc1 c6 27.Nf6 
Bxf6 28.Nd6+ Kc7 29.Nxf7 Rf8 30.Nxh6 Bg5 31.Rd1 
Bxh6 32.Rc3 Ne5 33.Kf1 Rfxf2+ 34.Kg1 Nf3+ 35.Kh1 
Rfxh2+ 0-1

[Event "ACL-A058"]
[Site "www.playchess.de"]
[Date "2001.02.15"]
[Round "3"]
[White "Fleischer"]
[Black "peze4"]
[WhiteElo "1500"]
[BlackElo "1500"]
[PlyCount "37"]
[Result "1/2-1/2"]

1.d4 Nf6 2.Nf3 g6 3.e3 Bg7 4.Bd3 d5 5.O-O O-O 6.a3 
Bg4 7.Nbd2 c5 8.dxc5 Nbd7 9.h3 Bxf3 10.Qxf3 Nxc5 
11.Be2 Qc7 12.c3 Rac8 13.Qf4 Qxf4 14.exf4 Bh6 
15.g3 Bg7 16.Nf3 a6 17.Be3 e6 18.Ne5 Nfe4 
19.Rfe1 1/2-1/2

[Event "ACL-A058"]
[Site "www.playchess.de"]
[Date "2001.02.15"]
[Round "10"]
[White "Taher"]
[Black "Mr_Arnaud"]
[WhiteElo "2045"]
[BlackElo "1412"]
[PlyCount "25"]
[Result "1-0"]

1.f4 e5 2.fxe5 d6 3.exd6 Bxd6 4.Nf3 g5 5.g3 g4 
6.Nh4 Ne7 7.Nc3 Ng6 8.Nxg6 hxg6 9.Ne4 f5 10.Nf2 f4 
11.d4 fxg3 12.hxg3 Rh5 13.Qd3 1-0

[Event "ACL-A060"]
[Site "www.playchess.de"]
[Date "2001.02.15"]
[Round "5"]
[White "Blitzmich"]
[Black "janus"]
[WhiteElo "1500"]
[BlackElo "1562"]
[PlyCount "50"]
[Result "1/2-1/2"]

1.d4 Nf6 2.c4 g6 3.Nc3 Bg7 4.Nf3 d6 5.e4 O-O 6.Be2 
e5 7.dxe5 dxe5 8.Qxd8 Rxd8 9.Bg5 Re8 10.Nd5 Nxd5 
11.cxd5 c6 12.Rd1 cxd5 13.Bb5 Bd7 14.Rxd5 Bxb5 
15.Rxb5 b6 16.Ke2 Nc6 17.Rd5 f5 18.exf5 gxf5 
19.Rc1 Rac8 20.Rd6 Nb4 21.Rxc8 Rxc8 22.Nh4 Rc2+ 
23.Rd2 f4 24.Rxc2 Nxc2 25.Nf5 Bh8 1/2-1/2

[Event "ACL-A060"]
[Site "www.playchess.de"]
[Date "2001.02.15"]
[Round "6"]
[White "johnk"]
[Black "Blitzmich"]
[WhiteElo "1500"]
[BlackElo "1500"]
[PlyCount "50"]
[Result "0-1"]

1.e4 e5 2.Nf3 Nc6 3.d4 exd4 4.Nxd4 Qh4 5.Nc3 Bb4 
6.Nxc6 Qxe4+ 7.Qe2 Qxe2+ 8.Bxe2 bxc6 9.Bd2 Nf6 
10.a3 Bd6 11.O-O O-O 12.Bd3 Re8 13.Rae1 Bb7 14.Bf5 
Be5 15.Ne2 Ba6 16.b3 Bxe2 17.Rxe2 Bxh2+ 18.Kxh2 
Rxe2 19.Rd1 Rxf2 20.Bh3 Re8 21.Ba5 d5 22.Bxc7 Rxc2 
23.Rb1 g5 24.Bf5 Rf2 25.Bg3 Rxf5 0-1

[Event "ACL-A060"]
[Site "www.playchess.de"]
[Date "2001.02.15"]
[Round "9"]
[White "player27"]
[Black "johnk"]
[WhiteElo "1625"]
[BlackElo "1500"]
[PlyCount "51"]
[Result "1-0"]

1.e4 e5 2.Nf3 Nf6 3.d4 exd4 4.Bc4 Bc5 5.O-O O-O 
6.e5 Ne8 7.Nxd4 Nc6 8.Nxc6 bxc6 9.Nc3 d6 10.Qf3 
dxe5 11.Qxc6 Qd4 12.Qxa8 Qxc4 13.Qxc8 Nf6 14.Qh3 
Rd8 15.b3 Bxf2+ 16.Rxf2 Qd4 17.Bb2 Ne4 18.Nxe4 
Qxb2 19.Raf1 Qd4 20.Ng5 h6 21.Nxf7 Rf8 22.Nxh6+ 
gxh6 23.Qe6+ Kg7 24.Qe7+ Kg8 25.Qxf8+ Kh7 
26.Kh1 1-0

[Event "HCL-B119"]
[Site "www.playchess.de"]
[Date "2001.02.15"]
[Round "5"]
[White "millingen"]
[Black "Taher"]
[WhiteElo "1070"]
[BlackElo "1551"]
[PlyCount "26"]
[Result "0-1"]

1.d4 Nf6 2.c4 c5 3.Nf3 cxd4 4.Nxd4 Nc6 5.e3 g6 
6.Be2 Bg7 7.O-O O-O 8.Nc3 d5 9.cxd5 Nxd5 10.Nxc6 
bxc6 11.Nxd5 cxd5 12.a4 a5 13.b3 
Bxa1 0-1

[Event "HCL-B119"]
[Site "www.playchess.de"]
[Date "2001.02.15"]
[Round "9"]
[White "deepcover"]
[Black "plobi"]
[WhiteElo "1200"]
[BlackElo "1500"]
[PlyCount "55"]
[Result "1-0"]

1.Nf3 Nf6 2.g3 d5 3.Bg2 Nc6 4.O-O e5 5.d3 Bc5 
6.Nxe5 Nxe5 7.d4 Bb6 8.dxe5 Ng4 9.Qxd5 Qxd5 
10.Bxd5 Nxf2 11.Rxf2 Bxf2+ 12.Kxf2 c6 13.Be4 O-O 
14.Bf4 Be6 15.Nd2 Rad8 16.Be3 Bg4 17.Nc4 Rfe8 
18.Bxa7 b5 19.Ne3 Rxe5 20.Bxc6 Bd7 21.Rd1 Re7 
22.Bc5 Re5 23.b4 h6 24.Rxd7 Rxd7 25.Bxd7 Rd5 
26.Nxd5 Kh7 27.Bxb5 f5 28.Be8 1-0

[Event "HCL-B119"]
[Site "www.playchess.de"]
[Date "2001.02.15"]
[Round "10"]
[White "millingen"]
[Black "deepcover"]
[WhiteElo "1070"]
[BlackElo "1200"]
[PlyCount "66"]
[Result "0-1"]

1.e4 c5 2.Nf3 Nc6 3.d4 cxd4 4.Nxd4 Nf6 5.Nc3 e5 
6.Ndb5 d6 7.Bg5 a6 8.Na3 b5 9.Nd5 Be7 10.Bxf6 Bxf6 
11.c3 O-O 12.Nc2 Bg5 13.a4 bxa4 14.Rxa4 Rb8 15.b4 
a5 16.b5 Ne7 17.Nxe7+ Bxe7 18.Ne3 Bd7 19.c4 f5 
20.exf5 Bxf5 21.Nxf5 Rxf5 22.Bd3 Rf4 23.O-O Kh8 
24.g3 Rd4 25.Qc2 d5 26.Bxh7 dxc4 27.Qf5 Bg5 28.Qh3 
Bh6 29.Bc2 Rxb5 30.Qf5 Kg8 31.Qh7+ Kf7 32.Qg6+ Ke7 
33.Ra3 Qd6 0-1

[Event "HCL-B119"]
[Site "www.playchess.de"]
[Date "2001.02.15"]
[Round "16"]
[White "jackdyn"]
[Black "DepthCharge"]
[WhiteElo "1200"]
[BlackElo "1554"]
[PlyCount "47"]
[Result "1-0"]

1.e4 c5 2.Nf3 d6 3.Nc3 Nf6 4.d4 cxd4 5.Qxd4 e5 
6.Bb5+ Nc6 7.Qc4 Qc7 8.Bg5 a6 9.Bxf6 Be6 10.Qa4 
gxf6 11.Nd5 Bxd5 12.exd5 Qc8 13.Bd3 b5 14.Qh4 Be7 
15.dxc6 f5 16.Qh6 e4 17.Nd4 exd3 18.O-O-O Qd8 
19.Rhe1 dxc2 20.Rd2 Qc7 21.Qf6 Rf8 22.Nxf5 O-O-O 
23.Rxe7 Qxc6 24.Rxc2 1-0

[Event "HCL-B119"]
[Site "www.playchess.de"]
[Date "2001.02.15"]
[Round "19"]
[White "millingen"]
[Black "jackdyn"]
[WhiteElo "1070"]
[BlackElo "1200"]
[PlyCount "24"]
[Result "0-1"]

1.e4 c6 2.d4 d5 3.Nd2 dxe4 4.Nxe4 Nf6 5.Nxf6+ exf6 
6.Nf3 Bd6 7.Bd3 O-O 8.Be3 Qb6 9.Rb1 Qa5+ 10.c3 Re8 
11.Qc2 Qh5 12.O-O Bg4 0-1

[Event "HCL-A013"]
[Site "www.playchess.de"]
[Date "2001.02.16"]
[Round "3"]
[White "Frassoni"]
[Black "Kleofas"]
[WhiteElo "1600"]
[BlackElo "1904"]
[PlyCount "108"]
[Result "0-1"]

1.d4 Nf6 2.c4 g6 3.Nc3 d5 4.Nf3 Bg7 5.cxd5 Nxd5 
6.e4 Nxc3 7.bxc3 c5 8.Rb1 O-O 9.Be3 Qa5 10.Qb3 Nc6 
11.Be2 cxd4 12.Bg5 d3 13.Bxd3 Be6 14.Qc2 Bxc3+ 
15.Bd2 Bxd2+ 16.Qxd2 Qxd2+ 17.Nxd2 b6 18.Rb2 Rad8 
19.Ke2 Rd7 20.Rc1 Nd4+ 21.Ke3 Rfd8 22.Ba6 f5 
23.Rc8 R7d6 24.Rc7 R8d7 25.Rxd7 Rxd7 26.Bc8 Rc7 
27.Bxe6+ Nxe6 28.exf5 gxf5 29.Nf3 Kg7 30.Ne5 Kf6 
31.f4 Rc3+ 32.Kd2 Ra3 33.g3 Nc5 34.Rc2 h5 35.Ke2 
h4 36.Nc4 Ra4 37.Ne3 e6 38.Kf3 hxg3 39.hxg3 Ra3 
40.Rh2 Nd3 41.Rh6+ Kf7 42.Ke2 Nc5 43.Nc4 Rxa2+ 
44.Kf1 b5 45.Nd6+ Kg7 46.Rh5 b4 47.g4 Ne4 48.Nxe4 
fxe4 49.Rb5 a5 50.Ke1 Ra3 51.Kd2 b3 52.Kc3 a4 
53.Re5 e3 54.Rxe6 Ra2 0-1

[Event "HCL-A046"]
[Site "www.playchess.de"]
[Date "2001.02.16"]
[Round "1"]
[White "Felix"]
[Black "gambitfanatic"]
[WhiteElo "1570"]
[BlackElo "1422"]
[PlyCount "51"]
[Result "1-0"]

1.d4 e5 2.dxe5 d6 3.exd6 Bxd6 4.Nc3 Nf6 5.Nf3 O-O 
6.Bg5 Be6 7.e3 Nc6 8.Be2 h6 9.Bh4 Qe7 10.O-O Rad8 
11.Bd3 Ne5 12.Nxe5 Bxe5 13.Qe1 Bxh2+ 14.Kh1 g5 
15.Bxg5 hxg5 16.Kxh2 Kg7 17.Kg1 Rfh8 18.f3 Rh6 
19.Ne4 Nxe4 20.Bxe4 Rdh8 21.Qc3+ f6 22.Bxb7 Bc4 
23.Rfe1 Be6 24.Rad1 R6h1+ 25.Kf2 R8h7 
26.Rexh1 1-0

[Event "HCL-A061"]
[Site "www.playchess.de"]
[Date "2001.02.16"]
[Round "24"]
[White "Kasparovjr"]
[Black "StuartThomson"]
[WhiteElo "1700"]
[BlackElo "1700"]
[PlyCount "39"]
[Result "1-0"]

1.d4 Nf6 2.c4 e6 3.Nf3 b6 {glad server is back 
on-line!}  4.g3 Bb7 5.Bg2 c5 6.dxc5 Bxc5 7.Nc3 O-O 
8.O-O d5 9.cxd5 Nxd5 10.Qc2 Na6 11.Ng5 g6 12.Rd1 
Nab4 13.Qb3 Qf6 14.Nge4 Qf5 15.Nxc5 bxc5 16.e4 Qh5 
17.exd5 Bxd5 18.Nxd5 Nxd5 19.Bxd5 exd5 
20.Qxd5 1-0

[Event "HCL-B070"]
[Site "www.playchess.de"]
[Date "2001.02.16"]
[Round "6"]
[White "Whoaplayer"]
[Black "OObuc"]
[WhiteElo "1200"]
[BlackElo "1056"]
[PlyCount "56"]
[Result "0-1"]

1.e4 c5 2.Nf3 d5 3.e5 Bg4 4.c3 Nc6 5.Bb5 c4 
6.Bxc6+ bxc6 7.h3 Bxf3 8.Qxf3 e6 9.O-O Qc7 10.d3 
Qxe5 11.dxc4 Bd6 12.cxd5 cxd5 13.Qg3 Ne7 14.Qxe5 
Bxe5 15.b4 O-O 16.Bb2 Nf5 17.Nd2 Rfc8 18.Rac1 Bf4 
19.Rc2 a5 20.Kh1 Bxd2 21.Rxd2 axb4 22.cxb4 Rxa2 
23.Kg1 Nd4 24.Rb1 Rc4 25.Bxd4 Rxd2 26.Be3 Rd3 
27.b5 f5 28.b6 d4 0-1

[Event "HCL-B082"]
[Site "www.playchess.de"]
[Date "2001.02.16"]
[Round "9"]
[White "Stephen21"]
[Black "Holte"]
[WhiteElo "1092"]
[BlackElo "1200"]
[PlyCount "127"]
[Result "1-0"]

1.e3 d5 2.d4 Nf6 3.Nc3 e6 4.Nf3 Bb4 5.Bd2 Bxc3 
6.Bxc3 a6 7.a3 O-O 8.Ne5 Nbd7 9.Bd3 Nxe5 10.dxe5 
Nd7 11.Qf3 c6 12.Qh3 h6 13.O-O Qg5 14.f4 Qe7 15.f5 
exf5 16.Bxf5 Nc5 17.e6 Nxe6 18.Qg4 Ng5 19.Rf4 
Qxe3+ 20.Rf2 Re8 21.Re1 Bxf5 22.Qxf5 Qc5 23.Qd7 
Rxe1+ 24.Bxe1 b5 25.b4 Qe3 26.Bd2 Qe8 27.Qc7 Ne4 
28.Re2 Rc8 29.Qf4 Rd8 30.Qc7 Rd7 31.Qxc6 Re7 
32.Qxd5 Re5 33.Qd3 Nxd2 34.Rxe5 Qxe5 35.Qxd2 Qa1+ 
36.Kf2 Qxa3 37.g4 Qh3 38.Qd8+ Kh7 39.Qd3+ Qxd3 
40.cxd3 Kg8 41.Ke3 Kf8 42.d4 Ke7 43.Ke4 Ke6 44.d5+ 
Kd6 45.h4 g6 46.Kd4 f6 47.Ke4 f5+ 48.gxf5 gxf5+ 
49.Kxf5 Kxd5 50.Kg6 Kc4 51.Kxh6 Kxb4 52.Kg6 a5 
53.h5 a4 54.h6 a3 55.h7 Kb3 56.h8Q b4 57.Qa1 a2 
58.Kf5 Ka3 59.Qc1+ Ka4 {Give it up!!}  60.Qb2 b3 
61.Ke4 Kb4 62.Kd3 Ka5 63.Kc3 Ka4 64.Qxb3+ {Are you 
Nuts. You give up. You can't win!!!!} 
 1-0

[Event "HCL-B112"]
[Site "www.playchess.de"]
[Date "2001.02.16"]
[Round "8"]
[White "xx"]
[Black "sevenJ"]
[WhiteElo "1500"]
[BlackElo "1500"]
[PlyCount "27"]
[Result "1-0"]

1.d4 Nf6 2.c4 d6 3.Nc3 e5 4.dxe5 dxe5 5.Qxd8+ Kxd8 
6.Nf3 Nbd7 7.Bg5 c6 8.O-O-O Kc7 9.e3 Bb4 10.Na4 
Ne4 11.Bh4 f6 12.a3 Be7 13.Bd3 Nec5 
14.Nxc5 1-0

[Event "HCL-B117"]
[Site "www.playchess.de"]
[Date "2001.02.16"]
[Round "9"]
[White "LUPES"]
[Black "lpratt71"]
[WhiteElo "1500"]
[BlackElo "1078"]
[PlyCount "39"]
[Result "1-0"]

1.d4 d5 2.Nf3 Nc6 3.c4 Bg4 4.e3 e6 5.Nc3 Be7 6.h3 
Bh5 7.cxd5 exd5 8.Bb5 Qd7 9.g4 Bg6 10.Ne5 Qd6 
11.Qa4 O-O-O 12.Bxc6 bxc6 13.Qa6+ Kb8 14.Nxc6+ 
Qxc6 15.Qxc6 Rd6 16.Qa4 c6 17.b4 Nf6 18.b5 Rc8 
19.Ba3 Rd7 20.bxc6 1-0

[Event "HCL-B127"]
[Site "www.playchess.de"]
[Date "2001.02.16"]
[Round "10"]
[White "Stephen21"]
[Black "lennin"]
[WhiteElo "1233"]
[BlackElo "1501"]
[PlyCount "78"]
[Result "0-1"]

1.Nf3 Nf6 2.Nc3 c5 3.d4 Nc6 4.d5 Nb4 5.a3 Na6 6.e4 
d6 7.Bxa6 bxa6 8.O-O Bg4 9.Qd3 Bxf3 10.Qxf3 Rb8 
11.Rb1 a5 12.Qe2 g6 13.Bg5 Bg7 14.Nb5 Rb7 15.a4 
O-O 16.Rfe1 a6 17.Nc3 Qb8 18.b3 h6 19.Bxf6 Bxf6 
20.e5 Bxe5 21.Ne4 Qa7 22.Qe3 Bg7 23.c4 Rb4 24.Qh3 
Rfb8 25.Re3 Rxc4 26.g3 Rxa4 27.bxa4 Rxb1+ 28.Kg2 
Qb7 29.g4 Qxd5 30.g5 h5 31.Qd7 Rb7 32.Qd8+ Kh7 
33.Qxa5 Rb4 34.f3 Rb2+ 35.Kg3 h4+ 36.Kh3 Qe6+ 
37.Kxh4 Rxh2+ 38.Kg3 Be5+ 39.f4 
Qh3+ 0-1

[Event "HCL-B132"]
[Site "www.playchess.de"]
[Date "2001.02.16"]
[Round "11"]
[White "killerz"]
[Black "JeanPierre"]
[WhiteElo "1300"]
[BlackElo "1619"]
[PlyCount "28"]
[Result "0-1"]

1.d4 Nf6 2.Nc3 d5 3.e3 e6 4.Nf3 Bb4 5.Bd2 O-O 6.a3 
Be7 7.h3 c5 8.b3 Ne4 9.Nxe4 dxe4 10.Ne5 cxd4 
11.exd4 Qxd4 12.Nc4 Rd8 13.Be2 Nc6 14.O-O 
Qd5 0-1

[Event "HCL-B138"]
[Site "www.playchess.de"]
[Date "2001.02.16"]
[Round "7"]
[White "BOB"]
[Black "shsh"]
[WhiteElo "1652"]
[BlackElo "1460"]
[PlyCount "22"]
[Result "0-1"]

1.e4 d5 2.exd5 Nf6 3.d4 Nxd5 4.c4 Nb4 5.Qa4+ N8c6 
6.a3 Na6 7.d5 Nc5 8.Qb5 e5 9.dxc6 {give up}  b6 
{Interesting position...}  10.Nf3 a6 11.Qb4 
Nd3+ 0-1

[Event "HCL-C077"]
[Site "www.playchess.de"]
[Date "2001.02.16"]
[Round "29"]
[White "Diable"]
[Black "ictus"]
[WhiteElo "1000"]
[BlackElo "1000"]
[PlyCount "50"]
[Result "0-1"]

1.d4 e6 2.Nf3 Nf6 3.g3 b6 4.Nc3 Bb7 5.Bg2 Be7 
6.O-O O-O 7.a4 c5 8.dxc5 bxc5 9.Bg5 d5 10.Qc1 d4 
11.Nb5 a6 12.Na3 Ne4 13.Bxe7 Qxe7 14.e3 Nc6 15.Nc4 
dxe3 16.Qxe3 f5 17.Rad1 Nb4 18.c3 Nd5 19.Qe2 Ndf6 
20.Nfe5 Rad8 21.f3 Ng5 22.h4 Rxd1 23.Rxd1 Nf7 
24.Nxf7 Rxf7 25.Nd6 Rf8 0-1

[Event "HCL-C102"]
[Site "www.playchess.de"]
[Date "2001.02.16"]
[Round "34"]
[White "Coney"]
[Black "Robama"]
[WhiteElo "1000"]
[BlackElo "1401"]
[PlyCount "41"]
[Result "1-0"]

1.e4 e6 2.d4 d6 3.Nf3 d5 4.e5 Nc6 5.c4 Bb4+ 6.Bd2 
dxc4 7.Bxb4 a5 8.Bc3 Qd5 9.b3 Qe4+ 10.Qe2 Qxe2+ 
11.Bxe2 cxb3 12.axb3 Nb4 13.Bxb4 b6 14.Bb5+ Kd8 
15.O-O g5 16.Rd1 g4 17.Ng5 Bd7 18.Bxd7 Kxd7 
19.Nxf7 Ne7 20.Nxh8 h5 21.Bxe7 1-0

[Event "HCL-C113"]
[Site "www.playchess.de"]
[Date "2001.02.16"]
[Round "3"]
[White "JRockne"]
[Black "auge"]
[WhiteElo "1100"]
[BlackElo "1000"]
[PlyCount "52"]
[Result "0-1"]

1.e4 e5 2.Nf3 Nc6 3.Bc4 Bc5 4.O-O d6 5.Nc3 Nf6 
6.a3 O-O 7.b4 Bb6 8.d3 a6 9.Re1 Re8 10.Bd2 h6 
11.Ne2 Be6 12.Bxe6 Rxe6 13.Ng3 Ne7 14.Nh4 c6 15.c4 
d5 16.c5 Bc7 17.Nhf5 Nxf5 18.exf5 Re7 19.Rc1 Qd7 
20.Re2 Rae8 21.Qc2 e4 22.Rce1 Bxg3 23.hxg3 Qxf5 
24.d4 Ng4 25.Qc3 Qh5 26.f3 Qh2+ 0-1

[Event "HCL-C117"]
[Site "www.playchess.de"]
[Date "2001.02.16"]
[Round "27"]
[White "Platon"]
[Black "babycakes"]
[WhiteElo "963"]
[BlackElo "1000"]
[PlyCount "26"]
[Result "0-1"]

1.e4 e5 2.Qh5 Nc6 3.Bb5 Nf6 4.Qf5 Nd4 5.Qxe5+ Ne6 
6.d4 Bd6 7.Qf5 Nxd4 8.Qg5 Nxc2+ 9.Kd1 Nxa1 10.Qxg7 
Rg8 11.Qh6 Rxg2 12.Qd2 Nxe4 13.Qh6 
Nxf2+ 0-1

[Event "HCL-C117"]
[Site "www.playchess.de"]
[Date "2001.02.16"]
[Round "29"]
[White "Optimo"]
[Black "nikk"]
[WhiteElo "1276"]
[BlackElo "1118"]
[PlyCount "37"]
[Result "1-0"]

1.e4 e6 2.d4 d5 3.Nd2 c5 4.Ngf3 cxd4 5.Nxd4 Nf6 
6.e5 Nfd7 7.Bb5 Bc5 8.N2b3 Bxd4 9.Nxd4 O-O 10.Qg4 
Nxe5 11.Qg3 f6 12.Bf4 Nbd7 13.Nxe6 Qe7 14.Nxf8 
Kxf8 15.O-O Qc5 16.Qb3 a6 17.Bxd7 Nxd7 18.Rad1 Nb6 
19.Be3 1-0